Statistics for Spell the Marvel Character #129

Click here to take the quiz!

General Stats

  • This quiz has been taken 6 times
  • The average score is 5 of 6

Answer Stats

Answer% Correct
Red She-Hulk
100%
Emma Frost
83%
Goliath
83%
Rogue
83%
Outlaw
67%
U-Go Girl
67%

Score Distribution

Percentile by Number Answered

Percent of People with Each Score

Your Score History

You have not taken this quiz